music trivia: 1989 songs and artists - Statistics

General Stats
  • This quiz has been taken 144 times
  • The average score is 8 of 15
Answer Stats
This is a song by... ...this 1989 artist or group % Correct
Love Shack The B-52's
97%
Eternal Flame The Bangles
88%
She Drives Me Crazy Fine Young Cannibals
78%
Blame It on the Rain Milli Vanilli
69%
The Living Years Mike + the Mechanics
67%
If You Don't Know Me By Now Simply Red
65%
Stand R.E.M.
55%
Lost in Your Eyes Debbie Gibson
46%
Veronica Elvis Costello
40%
Don't Know Much Linda Ronstadt and Aaron Neville
38%
Miss You Like Crazy Natalie Cole
32%
Fools Gold The Stone Roses
26%
Let Love Rule Lenny Kravitz
19%
End of the Line Traveling Wilburys
17%
Closer to Fine Indigo Girls
15%
No matching quizzes found
Score Distribution
Percent of People with Each Score
Percentile by Number Answered
Your Score History
You have not taken this quiz